000 00933nam a22002537a 4500
005 20240530110459.0
008 150622s2010 ua a 000 f ara d
017 _a2007/17089
_bمصر . دار الكتب المصرية
020 _a9776171117
040 _aEG-CaGPL
082 0 4 _221
_a813.087
_bط/ط م
100 0 _aطارق عبدالبارى
245 1 0 _aملك الاشياء /
_cتاليف طارق عبدالبارى ؛ كلمة التقديم عبدالوهاب المسيرى
250 _aط2
260 _aالقاهرة :
_bدار البلسم للنشر و التوزيع ،
_c2010 .
300 _a196 ص ؛
_c19 سم .
650 0 4 _aالادب العربى
650 0 4 _aادب الاطفال
650 0 4 _aالقصص العربية
650 0 4 _aقصص المغامرات
700 0 _aعبدالوهاب المسيرى
_eمقدم
942 _2ddc
_cBK
999 _c61439
_d61439